[Event "Tournament: Southend Open"]
[Site "?"]
[Date "1970.03.29"]
[Round "?"]
[White "Cook, M."]
[Black "Stebbings, A."]
[Result "1/2-1/2"]
[WhiteElo "2192"]
[BlackElo "2040"]
[PlyCount "66"]
[EventDate "1970.??.??"]

1. d4 Nf6 2. c4 e5 3. dxe5 Ng4 4. e4 Nxe5 5. Be2 Bb4+ 6. Bd2 Bxd2+ 7. Qxd2 d6
8. Nf3 Nbc6 9. O-O O-O 10. Nc3 Kh8 11. Rad1 Be6 12. b3 Nxf3+ 13. Bxf3 Ne5 14.
Be2 f5 15. f4 Nc6 16. exf5 Bxf5 17. Bd3 Bxd3 18. Qxd3 Qf6 19. Nd5 Qf7 20. Rde1
Rfe8 21. g3 Qd7 22. Kg2 Rad8 23. Qc3 Ne7 24. Nxe7 Rxe7 25. Rxe7 Qxe7 26. Re1
Qd7 27. Qe3 b6 28. Qe4 h6 29. Re2 d5 30. cxd5 Qxd5 31. Qxd5 Rxd5 32. Kf3 Kg8
33. Ke4 Rd7 1/2-1/2

[Event "Tournament: Southend Open"]
[Site "?"]
[Date "1970.03.30"]
[Round "?"]
[White "Stebbings, A."]
[Black "Burn, M."]
[Result "1/2-1/2"]
[WhiteElo "2040"]
[BlackElo "1960"]
[PlyCount "40"]
[EventDate "1970.??.??"]

1. Nc3 d5 2. d4 Nf6 3. Bg5 e6 4. e4 dxe4 5. Nxe4 Be7 6. Bxf6 Bxf6 7. Nxf6+ Qxf6
8. Nf3 Nd7 9. Be2 O-O 10. O-O e5 11. d5 Qd6 12. c4 a5 13. Ne1 Nc5 14. Nd3 e4
15. Nxc5 Qxc5 16. Qd2 Bd7 17. Qe3 Qxe3 18. fxe3 b6 19. b3 f5 20. h4 Rab8
1/2-1/2

[Event "Universities Team ch."]
[Site "Manchester"]
[Date "1970.04.13"]
[Round "?"]
[White "Mort, A."]
[Black "Stebbings, A."]
[Result "0-1"]
[WhiteElo "1960"]
[BlackElo "2040"]
[PlyCount "76"]
[EventDate "1970.??.??"]

1. d4 Nf6 2. c4 e5 3. dxe5 Ng4 4. e4 Nxe5 5. f4 Ng6 6. Nf3 Bb4+ 7. Nc3 Qf6 8.
e5 Qb6 9. Bd3 d6 10. Qe2 O-O 11. Be3 Bxc3+ 12. bxc3 Qa5 13. O-O dxe5 14. f5 Nf4
15. Bxf4 exf4 16. Qe4 Nd7 17. Qxf4 Nf6 18. g4 h6 19. h4 Rd8 20. Rad1 Qxc3 21.
Bb1 Rxd1 22. Rxd1 Bd7 23. Ne5 Ba4 24. Rc1 Qb4 25. Qd4 Qd6 26. Qc3 Re8 27. Re1
Qc5+ 28. Kg2 Nd7 29. Nxd7 Bxd7 30. Rxe8+ Bxe8 31. g5 Bc6+ 32. Kh3 hxg5 33. hxg5
Qg1 34. Qd3 Qxg5 35. f6 Qg2+ 36. Kh4 g5+ 37. Kh5 Bf3+ 38. Kh6 Qh3+ 0-1

[Event "Hampshire leagues"]
[Site "?"]
[Date "1970.10.17"]
[Round "?"]
[White "Coles, J."]
[Black "Stebbings, A."]
[Result "1/2-1/2"]
[WhiteElo "1800"]
[BlackElo "2040"]
[PlyCount "73"]
[EventDate "1970.??.??"]

1. e4 e6 2. d4 d5 3. e5 c5 4. c3 Nc6 5. f4 Qb6 6. Nf3 Nh6 7. Bd3 cxd4 8. cxd4
Bd7 9. Bc2 Nb4 10. Ba4 Nd3+ 11. Qxd3 Bxa4 12. Nc3 Bd7 13. a3 a5 14. h3 Be7 15.
g4 Ng8 16. f5 Bd8 17. O-O Ne7 18. Ng5 exf5 19. gxf5 Bxf5 20. Rxf5 Nxf5 21. Qxf5
Qxd4+ 22. Kh1 Bxg5 23. Bxg5 O-O 24. Rd1 Qc4 25. Bf6 Ra6 26. Rg1 g6 27. Qg5 Qd4
28. Qh6 Rxf6 29. exf6 Qxf6 30. Qe3 d4 31. Nd5 dxe3 32. Nxf6+ Kg7 33. Ng4 Re8
34. Re1 e2 35. Kg1 f5 36. Nf2 f4 37. Kg2 1/2-1/2

[Event "County match"]
[Site "?"]
[Date "1970.10.31"]
[Round "?"]
[White "Shephard, C."]
[Black "Stebbings, A."]
[Result "1/2-1/2"]
[WhiteElo "2096"]
[BlackElo "2040"]
[PlyCount "63"]
[EventDate "1970.??.??"]

1. e4 c5 2. Nf3 Nf6 3. d3 Nc6 4. g3 d5 5. Nbd2 e6 6. Bg2 Be7 7. O-O b6 8. e5
Nd7 9. Re1 Qc7 10. Qe2 Bb7 11. Nf1 h6 12. h4 O-O-O 13. c3 Ba6 14. N1h2 Rdg8 15.
a3 c4 16. d4 Kb7 17. Bf1 Na5 18. b4 Nb3 19. Rb1 Nxc1 20. Rexc1 Bb5 21. Qc2 Qc6
22. Be2 Ba4 23. Qb2 a6 24. Bd1 Bxd1 25. Rxd1 Qc8 26. Kg2 g5 27. hxg5 Bxg5 28.
Nxg5 Rxg5 29. Rh1 Qg8 30. Nf3 Rg7 31. Rh5 f5 32. Qd2 1/2-1/2

[Event "London league"]
[Site "?"]
[Date "1970.11.04"]
[Round "?"]
[White "Stebbings, A."]
[Black "Ellis, D."]
[Result "1-0"]
[WhiteElo "2040"]
[BlackElo "2176"]
[PlyCount "49"]
[EventDate "1970.??.??"]

1. e4 e6 2. d4 d5 3. e5 c5 4. c3 Nc6 5. Nf3 Qb6 6. Bd3 cxd4 7. cxd4 Bd7 8. Nc3
Nxd4 9. Nxd4 Qxd4 10. O-O a6 11. Qe2 Ne7 12. Rd1 Qb6 13. Be3 Qc7 14. f4 g6 15.
Rac1 Qd8 16. Qf2 Nf5 17. Bb6 Qh4 18. g3 Qh3 19. Bf1 Qh6 20. Ne4 dxe4 21. Rxd7
Kxd7 22. Rc7+ Ke8 23. Qc2 Nd6 24. Qa4+ Nb5 25. Bxb5+ 1-0

[Event "County match"]
[Site "?"]
[Date "1970.11.21"]
[Round "?"]
[White "Brown, J."]
[Black "Stebbings, A."]
[Result "0-1"]
[WhiteElo "1840"]
[BlackElo "2040"]
[PlyCount "80"]
[EventDate "1970.??.??"]

1. b4 a5 2. b5 e5 3. Bb2 d6 4. a4 g6 5. d4 Nd7 6. g3 exd4 7. Bxd4 Ngf6 8. Nf3
Bg7 9. Bg2 O-O 10. O-O Re8 11. c4 Ne4 12. Bxg7 Kxg7 13. Nbd2 Nc3 14. Qc2 Nxe2+
15. Kh1 Nc5 16. Nb3 Qf6 17. Nxc5 dxc5 18. Nh4 Nd4 19. Qc3 g5 20. Nf3 Bg4 21.
Nxd4 cxd4 22. Qc1 Be2 23. Rg1 Bf3 24. Ra3 Bxg2+ 25. Rxg2 Re2 26. h4 gxh4 27.
gxh4+ Kh8 28. Qg5 Qxg5 29. hxg5 Rd8 30. Rd3 Rc2 31. Rh2 Rc3 32. Rhh3 Rxc4 33.
Rh4 Rxa4 34. Rdh3 Kg7 35. Rxh7+ Kg6 36. f4 d3 37. R3h6+ Kf5 38. Rxf7+ Kg4 39.
Rhh7 d2 40. Rd7 d1=Q+ 0-1

[Event "Hampshire leagues"]
[Site "?"]
[Date "1970.11.22"]
[Round "?"]
[White "Stebbings, A."]
[Black "Stritton, L."]
[Result "0-1"]
[WhiteElo "2040"]
[BlackElo "2112"]
[PlyCount "80"]
[EventDate "1970.??.??"]

1. e4 c5 2. Nf3 d6 3. d3 g6 4. g3 Bg7 5. Bg2 Nc6 6. O-O e5 7. Nc3 Nge7 8. Nh4
O-O 9. f4 f5 10. exf5 Nxf5 11. Nxf5 Rxf5 12. Be4 Rf8 13. fxe5 Nxe5 14. Bf4 Bh3
15. Bg2 Bxg2 16. Kxg2 Qd7 17. Qd2 Qc6+ 18. Ne4 Nc4 19. Qe2 Rae8 20. Rae1 d5 21.
Bc1 dxe4 22. dxc4 e3+ 23. Kg1 Rf2 24. Rxf2 exf2+ 25. Qxf2 Bd4 26. Be3 Qe6 27.
Kg2 Qc6+ 28. Kg1 Qe4 29. Bxd4 Qxe1+ 30. Qxe1 Rxe1+ 31. Kf2 Rc1 32. Bxc5 Rxc2+
33. Kg1 Rxb2 34. Bxa7 Rxa2 35. Bf2 Kf7 36. Kg2 Rc2 37. c5 Ke6 38. Kf3 Kd5 39.
Bg1 Rxc5 40. Bxc5 Kxc5 0-1

[Event "London league"]
[Site "?"]
[Date "1970.11.23"]
[Round "?"]
[White "Stebbings, A."]
[Black "Morphy, H."]
[Result "1-0"]
[WhiteElo "2040"]
[BlackElo "2000"]
[PlyCount "60"]
[EventDate "1970.??.??"]

1. e4 d6 2. d4 g6 3. f4 Bg7 4. Bc4 Nc6 5. d5 Na5 6. Bd3 c6 7. c4 Nf6 8. Nc3 Bg4
9. Qc2 Rc8 10. h3 Bd7 11. Be3 cxd5 12. cxd5 b5 13. a3 a6 14. Bd4 O-O 15. Qf2
Nb3 16. Bb6 Qe8 17. Rd1 Nc5 18. e5 Nxd3+ 19. Rxd3 dxe5 20. fxe5 Nh5 21. g4 Bxe5
22. gxh5 Bf5 23. Re3 Bf6 24. Nf3 Qd7 25. Bd4 Rfe8 26. hxg6 hxg6 27. h4 a5 28.
h5 b4 29. hxg6 fxg6 30. Qh2 e5 1-0

[Event "Tournament: Hampshire ch."]
[Site "Southampton"]
[Date "1970.11.28"]
[Round "?"]
[White "Weeramantry, S."]
[Black "Stebbings, A."]
[Result "0-1"]
[WhiteElo "2216"]
[BlackElo "2040"]
[PlyCount "94"]
[EventDate "1970.??.??"]

1. e4 c5 2. Nf3 Nc6 3. d4 cxd4 4. Nxd4 g6 5. Nc3 Bg7 6. Be3 Nf6 7. f3 O-O 8.
Bc4 Qb6 9. Qd2 Nxe4 10. Nxe4 Bxd4 11. Bh6 Qxb2 12. Bxf8 Qxa1+ 13. Ke2 Qxh1 14.
Qf4 Qxg2+ 15. Ke1 Qg1+ 16. Ke2 Qe3+ 17. Qxe3 Bxe3 18. Bxe7 Nxe7 19. Kxe3 d5 20.
Nf6+ Kg7 21. Ne8+ Kf8 22. Nc7 Rb8 23. Bb3 Be6 24. Kd4 Rc8 25. Nb5 a6 26. Nd6
Nf5+ 27. Nxf5 Bxf5 28. Bxd5 Rd8 29. c4 Be6 30. Kc5 Bxd5 31. cxd5 Ke7 32. a4 f5
33. f4 h6 34. h4 Kf6 35. Kb6 Rd7 36. Ka7 g5 37. hxg5+ hxg5 38. Kb8 gxf4 39. Kc8
Rxd5 40. Kxb7 a5 41. Kc6 Ke6 42. Kb6 f3 43. Ka7 f2 44. Kb7 f1=Q 45. Kc7 Qa6 46.
Kb8 Qb6+ 47. Kc8 Rd8# 0-1

[Event "Tournament: Hampshire ch."]
[Site "Southampton"]
[Date "1970.11.28"]
[Round "?"]
[White "Stebbings, A."]
[Black "Bennett, G."]
[Result "1-0"]
[WhiteElo "2040"]
[BlackElo "2176"]
[PlyCount "78"]
[EventDate "1970.??.??"]

1. d4 Nf6 2. c4 c5 3. d5 e6 4. Nc3 exd5 5. cxd5 d6 6. Nf3 g6 7. Nd2 Nbd7 8. Nc4
Ne5 9. Nxe5 dxe5 10. e4 Bg7 11. f3 O-O 12. Be3 b6 13. a4 Ne8 14. Bd3 Nd6 15.
Qe2 f5 16. O-O f4 17. Bf2 a5 18. Nb5 g5 19. Rfc1 Rf6 20. Nxd6 Rxd6 21. g4 h5
22. h3 hxg4 23. hxg4 Ra7 24. Kg2 Rf6 25. Qc2 Bxg4 26. fxg4 f3+ 27. Kg3 Rf4 28.
Be3 Qf6 29. Qd2 Bh6 30. Bxf4 gxf4+ 31. Kxf3 Rg7 32. Qh2 Rxg4 33. Kxg4 f3 34.
Qh4 Qf4+ 35. Kh3 Qe3 36. Qg3+ Kf7 37. Rf1 Bf4 38. Rxf3 Qd2 39. Rg1 Kf6 1-0

[Event "Tournament: Hampshire ch."]
[Site "Southampton"]
[Date "1970.11.29"]
[Round "?"]
[White "Cubitt, C."]
[Black "Stebbings, A."]
[Result "1-0"]
[WhiteElo "2168"]
[BlackElo "2040"]
[PlyCount "55"]
[EventDate "1970.??.??"]

1. d4 Nf6 2. Nf3 e6 3. c4 c5 4. d5 b5 5. Bg5 exd5 6. cxd5 h6 7. Bxf6 Qxf6 8.
Qc2 d6 9. a4 b4 10. e4 g6 11. Nfd2 Bg7 12. Nc4 Ba6 13. Nbd2 Nd7 14. e5 Qe7 15.
Nxd6+ Kf8 16. Bxa6 Qxe5+ 17. N6e4 f5 18. Bb5 Rd8 19. O-O fxe4 20. Rae1 Qxd5 21.
Bc4 Qh5 22. Rxe4 Bf6 23. Rfe1 Kg7 24. g4 Qh4 25. Nf3 Qh3 26. Re7+ Bxe7 27.
Rxe7+ Kf8 28. Rf7+ 1-0

[Event "Tournament: Hampshire ch."]
[Site "Southampton"]
[Date "1970.11.29"]
[Round "?"]
[White "Stebbings, A."]
[Black "Cowling, T."]
[Result "1-0"]
[WhiteElo "2040"]
[BlackElo "1968"]
[PlyCount "55"]
[EventDate "1970.??.??"]

1. e4 c5 2. Nc3 Nc6 3. g3 g6 4. Bg2 Bg7 5. d3 d6 6. Be3 e5 7. Qd2 Nge7 8. Nge2
O-O 9. Bh6 f5 10. Bxg7 Kxg7 11. O-O Nd4 12. f4 Nec6 13. Nd5 Rb8 14. c3 Nxe2+
15. Qxe2 b5 16. a3 a5 17. Ne3 Ne7 18. Rad1 Bb7 19. exf5 Bxg2 20. Nxg2 Nxf5 21.
fxe5 Re8 22. e6 Rb7 23. Nf4 Rbe7 24. Qe4 Kg8 25. Rde1 d5 26. Qxd5 Qxd5 27. Nxd5
Rxe6 28. Nf6+ 1-0

[Event "London league"]
[Site "?"]
[Date "1970.12.02"]
[Round "?"]
[White "LeMoir, D."]
[Black "Stebbings, A."]
[Result "1/2-1/2"]
[WhiteElo "2112"]
[BlackElo "2040"]
[PlyCount "52"]
[EventDate "1970.??.??"]

1. e4 e6 2. d4 d5 3. Nc3 Bb4 4. Bd3 dxe4 5. Bxe4 Nf6 6. Bg5 c5 7. Bxf6 Qxf6 8.
Nge2 O-O 9. O-O Nc6 10. dxc5 Bxc5 11. a3 Rd8 12. Qc1 Bd7 13. Nf4 a6 14. Nd3 Bd4
15. Ne2 Ba7 16. Kh1 Rac8 17. f4 Rc7 18. Qe1 Ne7 19. Ne5 Nf5 20. Ng3 Bb5 21. c4
Bxc4 22. Rc1 Rdc8 23. Rxc4 Rxc4 24. Bxf5 Rc1 25. Qxc1 Rxc1 26. Rxc1 g6 1/2-1/2

[Event "Tournament: Hampshire ch."]
[Site "Southampton"]
[Date "1970.12.04"]
[Round "?"]
[White "Stebbings, A."]
[Black "Johnson, M."]
[Result "1/2-1/2"]
[WhiteElo "2040"]
[BlackElo "1952"]
[PlyCount "49"]
[EventDate "1970.??.??"]

1. d4 Nf6 2. c4 g6 3. Nc3 d5 4. Nf3 Bg7 5. Qb3 dxc4 6. Qxc4 O-O 7. e4 Bg4 8.
Be3 Nfd7 9. Be2 Nc6 10. O-O-O Nb6 11. Qc5 Qd6 12. h3 Bxf3 13. gxf3 Rfd8 14. e5
Qxc5 15. dxc5 Nd7 16. f4 g5 17. e6 gxf4 18. Bxf4 Nxc5 19. exf7+ Kxf7 20. Bxc7
Rd4 21. Rxd4 Nxd4 22. Bc4+ Kf8 23. Bg3 Rc8 24. Kb1 Nf3 25. Bd5 1/2-1/2

[Event "Tournament: Hampshire ch."]
[Site "Southampton"]
[Date "1970.12.05"]
[Round "?"]
[White "Edmonds, A."]
[Black "Stebbings, A."]
[Result "1/2-1/2"]
[WhiteElo "2088"]
[BlackElo "2040"]
[PlyCount "101"]
[EventDate "1970.??.??"]

1. e4 c5 2. Nc3 Nc6 3. g3 g6 4. Bg2 Bg7 5. d3 e6 6. Be3 d6 7. Nge2 Nd4 8. O-O
Ne7 9. f4 O-O 10. Qd2 Rb8 11. Bxd4 cxd4 12. Nd1 b5 13. c3 dxc3 14. bxc3 b4 15.
Rb1 bxc3 16. Ndxc3 Ba6 17. Rxb8 Qxb8 18. Rb1 Qc7 19. d4 Rb8 20. Rc1 Qc4 21. Bf1
Qd3 22. Qxd3 Bxd3 23. Rd1 Ba6 24. e5 Nf5 25. Kf2 dxe5 26. dxe5 f6 27. exf6 Bxf6
28. Ne4 Be7 29. Rd7 Rb7 30. Rxb7 Bxb7 31. N2c3 h6 32. Bc4 Kf7 33. h3 Nd6 34.
Bd3 Nxe4+ 35. Nxe4 Bd5 36. a4 Bc6 37. Bc2 e5 38. Bb3+ Ke8 39. Ke3 exf4+ 40.
Kxf4 Kd7 41. Ke3 Kc7 42. Kd4 Kb6 43. Bc2 Ka5 44. Nc5 g5 45. Kc4 Bxc5 46. Kxc5
Bxa4 47. Bd3 a6 48. h4 gxh4 49. gxh4 h5 50. Bg6 Bd1 51. Be8 1/2-1/2

[Event "Tournament: Hampshire ch."]
[Site "Southampton"]
[Date "1970.12.05"]
[Round "?"]
[White "Stebbings, A."]
[Black "Bower, D."]
[Result "1-0"]
[WhiteElo "2040"]
[BlackElo "1928"]
[PlyCount "45"]
[EventDate "1970.??.??"]

1. d4 Nf6 2. c4 g6 3. Nc3 Bg7 4. e4 d6 5. f4 O-O 6. Nf3 c5 7. d5 e6 8. Be2 exd5
9. cxd5 Re8 10. e5 dxe5 11. fxe5 Ng4 12. Bg5 Qa5 13. O-O Nxe5 14. Nxe5 Bxe5 15.
Bc4 a6 16. d6 Be6 17. Bxe6 Rxe6 18. Qf3 f6 19. Qd5 Bd4+ 20. Kh1 fxg5 21. Qxe6+
Kg7 22. Rf7+ Kh6 23. Qh3# 1-0

[Event "Tournament: Hampshire ch."]
[Site "Southampton"]
[Date "1970.12.06"]
[Round "?"]
[White "Stebbings, A."]
[Black "Walters, L."]
[Result "1-0"]
[WhiteElo "2040"]
[BlackElo "1896"]
[PlyCount "85"]
[EventDate "1970.??.??"]

1. d4 d5 2. c4 e6 3. Nc3 h6 4. Bf4 b6 5. cxd5 exd5 6. e3 a6 7. Nf3 Bb7 8. Be2
Be7 9. O-O Nf6 10. h3 O-O 11. Rc1 Nbd7 12. a3 Rc8 13. b4 Ne4 14. Qb3 Ndf6 15.
Rfd1 Nxc3 16. Rxc3 Ne4 17. Rc2 g5 18. Bh2 f6 19. a4 c6 20. Bd3 Kg7 21. Nd2 Nxd2
22. Rcxd2 Bd6 23. Bxd6 Qxd6 24. Be2 Rc7 25. b5 axb5 26. axb5 cxb5 27. Bxb5 Ra8
28. Rb2 Ra3 29. Qb4 Qxb4 30. Rxb4 Rac3 31. Bf1 Rc1 32. Rxc1 Rxc1 33. Rxb6 Bc6
34. g4 h5 35. gxh5 Kh6 36. Kg2 Kxh5 37. Bb5 Bxb5 38. Rxb5 f5 39. Rxd5 g4 40.
hxg4+ Kxg4 41. f3+ Kh4 42. Rxf5 Rc2+ 43. Kf1 1-0

[Event "Eastman cup"]
[Site "London"]
[Date "1970.12.18"]
[Round "?"]
[White "Pitt, M."]
[Black "Stebbings, A."]
[Result "1-0"]
[WhiteElo "2032"]
[BlackElo "2040"]
[PlyCount "47"]
[EventDate "1970.??.??"]

1. d4 Nf6 2. c4 e6 3. Nc3 Bb4 4. e3 b6 5. Nf3 Bb7 6. Bd3 Ne4 7. Qc2 f5 8. O-O
Bxc3 9. bxc3 O-O 10. Nd2 Qh4 11. f3 Nxd2 12. Bxd2 Nc6 13. Rae1 Rac8 14. g3 Qe7
15. e4 fxe4 16. Rxe4 Rf7 17. Rg4 g6 18. Bh6 Na5 19. Bxg6 hxg6 20. Qxg6+ Kh8 21.
Bg5 Rg8 22. Rh4+ Rh7 23. Bf6+ Rgg7 24. Qxh7# 1-0

[Event "County match"]
[Site "?"]
[Date "1971.01.16"]
[Round "?"]
[White "Stebbings, A."]
[Black "Crombleholme, A."]
[Result "0-1"]
[WhiteElo "2040"]
[BlackElo "2056"]
[PlyCount "71"]
[EventDate "1971.??.??"]

1. e4 e5 2. Nc3 Nf6 3. f4 d5 4. fxe5 Nxe4 5. d3 Nxc3 6. bxc3 d4 7. Nf3 c5 8.
Be2 Be7 9. O-O dxc3 10. Qe1 Nc6 11. Qg3 g6 12. Bh6 Be6 13. Ng5 Nd4 14. Bd1 Nf5
15. Nxe6 fxe6 16. Qh3 Qd4+ 17. Kh1 Qh4 18. Qxh4 Bxh4 19. Bf4 O-O 20. Kg1 Rf7
21. a4 Raf8 22. Bc1 Bd8 23. a5 Bc7 24. Re1 Kg7 25. Bg5 Bd8 26. Bxd8 Rxd8 27.
Ra3 Nd4 28. Rxc3 Rd5 29. Bg4 h5 30. Bf3 Rxf3 31. gxf3 Nxf3+ 32. Kf2 Nxe1 33.
Kxe1 Rxe5+ 34. Kf2 Kf6 35. Rb3 c4 36. dxc4 0-1

[Event "National Club ch."]
[Site "?"]
[Date "1971.01.24"]
[Round "?"]
[White "Stebbings, A."]
[Black "Jamieson, P."]
[Result "0-1"]
[WhiteElo "2040"]
[BlackElo "2200"]
[PlyCount "72"]
[EventDate "1971.??.??"]

1. d4 Nf6 2. c4 g6 3. Nc3 Bg7 4. e4 d6 5. f4 O-O 6. Nf3 c5 7. d5 e6 8. Be2 exd5
9. cxd5 Re8 10. e5 dxe5 11. fxe5 Ng4 12. Bg5 Qb6 13. O-O Nd7 14. d6 Ngxe5 15.
Nd5 Qxb2 16. Nc7 Qxa1 17. Qxa1 Nxf3+ 18. Bxf3 Bxa1 19. Nxe8 Bd4+ 20. Kh1 Ne5
21. Bd5 Bf5 22. Nf6+ Kh8 23. Bxb7 Rb8 24. Bd5 h6 25. Bxh6 Nd3 26. Ne4 Bxe4 27.
Bxe4 Nf2+ 28. Rxf2 Bxf2 29. Bg5 f5 30. Bc2 c4 31. d7 Bb6 32. g4 Bd8 33. Bf4 Rb5
34. gxf5 gxf5 35. Kg2 Kg7 36. Kf3 Rd5 0-1

[Event "Hampshire leagues"]
[Site "?"]
[Date "1971.02.03"]
[Round "?"]
[White "DeBuriatte, T."]
[Black "Stebbings, A."]
[Result "0-1"]
[WhiteElo "1816"]
[BlackElo "2040"]
[PlyCount "72"]
[EventDate "1971.??.??"]

1. Nf3 d5 2. d4 Nf6 3. g3 c6 4. Bg2 Bg4 5. O-O Nbd7 6. Bf4 e6 7. Ne5 Bh5 8. Nc3
Be7 9. f3 O-O 10. g4 Bg6 11. Nxg6 hxg6 12. e4 Qb6 13. e5 Nh7 14. Rb1 c5 15. Ne2
cxd4 16. Nxd4 Rfc8 17. c3 g5 18. Bg3 Nhf8 19. f4 gxf4 20. Bxf4 Ng6 21. Qe1 Nxf4
22. Rxf4 Qc7 23. Nf3 g5 24. Ra4 b5 25. Ra6 Qb7 26. Rd6 Bxd6 27. exd6 Qb6+ 28.
Kh1 Qxd6 29. Nxg5 Kg7 30. Qe3 Qe5 31. Qd2 Rc4 32. Rf1 Nf6 33. Nf3 Qf4 34. g5
Ng4 35. h3 Rh8 36. Qe2 Ne3 0-1

[Event "County match"]
[Site "?"]
[Date "1971.02.06"]
[Round "?"]
[White "Fertoszegi, R."]
[Black "Stebbings, A."]
[Result "1-0"]
[WhiteElo "2280"]
[BlackElo "2040"]
[PlyCount "71"]
[EventDate "1971.??.??"]

1. d4 Nf6 2. c4 e5 3. dxe5 Ng4 4. e4 Nxe5 5. f4 Ng6 6. Be3 Bb4+ 7. Nd2 Qe7 8.
Bd3 Qd6 9. Qb3 Bxd2+ 10. Bxd2 Nxf4 11. Bf1 Nc6 12. Qg3 Ne6 13. Qxd6 cxd6 14.
Ne2 Nc5 15. Nc3 Nb4 16. Kd1 Nbd3 17. Bxd3 Nxd3 18. Kc2 Nb4+ 19. Kb3 Nc6 20. Nb5
O-O 21. Nxd6 b6 22. Kc3 f6 23. Bf4 Rb8 24. Rad1 Bb7 25. Rhf1 Ba8 26. Nf5 Rbe8
27. Rfe1 Ne5 28. Bxe5 Rxe5 29. Rxd7 Bxe4 30. Ne7+ Kh8 31. Nd5 Bxg2 32. Rxe5
fxe5 33. Rxa7 Bxd5 34. cxd5 h5 35. Re7 Rf2 36. d6 1-0

[Event "Hampshire leagues"]
[Site "?"]
[Date "1971.02.13"]
[Round "?"]
[White "Stebbings, A."]
[Black "Chandler, E."]
[Result "1/2-1/2"]
[WhiteElo "2040"]
[BlackElo "1984"]
[PlyCount "75"]
[EventDate "1971.??.??"]

1. e4 c5 2. Nc3 g6 3. g3 Bg7 4. Bg2 Nc6 5. d3 Nf6 6. Be3 d6 7. h3 O-O 8. Qd2 a6
9. Bh6 Rb8 10. Bxg7 Kxg7 11. f4 e6 12. Nf3 Qc7 13. O-O b5 14. Nh4 Bb7 15. g4
Nd4 16. Ne2 Nxe2+ 17. Qxe2 d5 18. e5 Nd7 19. Rae1 d4 20. Bxb7 Qxb7 21. f5 exf5
22. gxf5 f6 23. fxg6 Nxe5 24. gxh7 Kh8 25. Qh5 Qxh7 26. Rxe5 Rg8+ 27. Kh2 fxe5
28. Qxe5+ Qg7 29. Ng6+ Kh7 30. Qh5+ Qh6 31. Rf7+ Rg7 32. Nf8+ Rxf8 33. Qf5+ Qg6
34. Rxf8 Qxf5 35. Rxf5 Rc7 36. c4 bxc4 37. dxc4 Rd7 38. Rf2 1/2-1/2

[Event "Hampshire leagues"]
[Site "?"]
[Date "1971.02.17"]
[Round "?"]
[White "Stebbings, A."]
[Black "Edmonds, A."]
[Result "0-1"]
[WhiteElo "2040"]
[BlackElo "2088"]
[PlyCount "56"]
[EventDate "1971.??.??"]

1. d4 d5 2. c4 c6 3. Nc3 e6 4. e4 dxe4 5. Nxe4 Bb4+ 6. Bd2 Qxd4 7. Bxb4 Qxe4+
8. Be2 Na6 9. Bd6 Ne7 10. Qd2 Nf5 11. O-O-O Bd7 12. Nf3 c5 13. Bd3 Qc6 14. Bxf5
exf5 15. Ne5 Qa4 16. Nxd7 Qxc4+ 17. Kb1 O-O-O 18. Be7 Qe4+ 19. Qc2 Qxc2+ 20.
Kxc2 Rxd7 21. Bh4 Re8 22. Rde1 Nb4+ 23. Kb3 Rxe1 24. Rxe1 b5 25. Re8+ Kb7 26.
Re3 a5 27. Rc3 c4+ 28. Ka3 Rd2 0-1

[Event "London league"]
[Site "?"]
[Date "1971.02.18"]
[Round "?"]
[White "Stebbings, A."]
[Black "Spurgeon, T."]
[Result "1-0"]
[WhiteElo "2040"]
[BlackElo "1864"]
[PlyCount "61"]
[EventDate "1971.??.??"]

1. e4 e6 2. d4 d5 3. e5 c5 4. c3 Qb6 5. Bd3 Bd7 6. dxc5 Bxc5 7. Qe2 Nc6 8. b4
Bf8 9. Nf3 Nge7 10. h4 Rc8 11. O-O g6 12. Re1 h5 13. a4 Bh6 14. Bxh6 Rxh6 15.
Qd2 Rh8 16. Qg5 Qd8 17. Qf6 Rf8 18. Qg7 Rg8 19. Qh6 Qc7 20. b5 Na5 21. Ng5 Nb3
22. Ra2 Nc5 23. Bc2 Nf5 24. Bxf5 exf5 25. Nh7 Ne4 26. f3 Qc5+ 27. Kh1 Qc4 28.
Ra1 Ng3+ 29. Kg1 Qxh4 30. Nf6+ Kd8 31. Nxg8 1-0

[Event "County match"]
[Site "?"]
[Date "1971.02.27"]
[Round "?"]
[White "Stebbings, A."]
[Black "Sheldrick, G."]
[Result "0-1"]
[WhiteElo "2040"]
[BlackElo "2248"]
[PlyCount "70"]
[EventDate "1971.??.??"]

1. d4 e6 2. e4 d5 3. e5 c5 4. c3 Qb6 5. Bd3 cxd4 6. cxd4 Bd7 7. Nf3 Bb5 8. O-O
Bxd3 9. Qxd3 Qa6 10. Qd1 Ne7 11. Na3 Nf5 12. Nc2 Nc6 13. g4 Nfe7 14. Nh4 h5 15.
gxh5 g6 16. Ng2 Rxh5 17. Nge3 Kd7 18. f4 Bg7 19. b3 Rah8 20. Rf2 Rh3 21. Bb2
Nf5 22. Nxf5 gxf5 23. Qf1 Qb6 24. Qe2 R8h4 25. Qd2 Bh6 26. Kh1 Qd8 27. Rg1 Qh8
28. Rgg2 Rg4 29. Nb4 Rxg2 30. Rxg2 Bxf4 31. Qxf4 Nxb4 32. Qg5 Nd3 33. Ba3 Qh4
34. Qg8 Qe1+ 35. Rg1 Qe4+ 0-1

[Event "Hampshire leagues"]
[Site "?"]
[Date "1971.03.03"]
[Round "?"]
[White "Cowling, T."]
[Black "Stebbings, A."]
[Result "0-1"]
[WhiteElo "1968"]
[BlackElo "2040"]
[PlyCount "46"]
[EventDate "1971.??.??"]

1. e4 c5 2. Nf3 Nc6 3. d4 cxd4 4. Nxd4 g6 5. Nc3 Bg7 6. Bc4 Nxd4 7. f4 d6 8. g4
Qc7 9. Bb3 Nxb3 10. axb3 Bxc3+ 11. bxc3 Qxc3+ 12. Bd2 Qc6 13. Ra4 b5 14. Rd4
Nf6 15. Qe2 Bxg4 16. Qf1 Nxe4 17. Qg2 Bf5 18. c4 O-O 19. Bc3 bxc4 20. Rxc4 Qd5
21. Ba1 Rfc8 22. Qb2 f6 23. Rd4 Qc5 0-1

[Event "London league"]
[Site "?"]
[Date "1971.03.08"]
[Round "?"]
[White "Burstow, J."]
[Black "Stebbings, A."]
[Result "1/2-1/2"]
[WhiteElo "2160"]
[BlackElo "2040"]
[PlyCount "56"]
[EventDate "1971.??.??"]

1. e4 c5 2. Nf3 Nf6 3. d3 Nc6 4. g3 d5 5. Nbd2 Bg4 6. h3 Bh5 7. Bg2 e6 8. c3
dxe4 9. dxe4 Qd3 10. Qe2 O-O-O 11. Qxd3 Rxd3 12. Ke2 Rd7 13. g4 Bg6 14. Nh4 Be7
15. Nxg6 hxg6 16. Nc4 b5 17. Na3 a6 18. Bf4 e5 19. Be3 Rhd8 20. Rhd1 Rxd1 21.
Rxd1 Rxd1 22. Kxd1 Nd7 23. Bf1 c4 24. Nc2 Nc5 25. Bxc5 Bxc5 26. f3 Nd8 27. b3
cxb3 28. axb3 Kd7 1/2-1/2

[Event "Team match"]
[Site "Brighton"]
[Date "1971.03.10"]
[Round "?"]
[White "Abakuks, A."]
[Black "Stebbings, A."]
[Result "1/2-1/2"]
[WhiteElo "2120"]
[BlackElo "2040"]
[PlyCount "72"]
[EventDate "1971.??.??"]

1. e4 c5 2. Nf3 Nc6 3. d4 cxd4 4. Nxd4 g6 5. Be3 Nf6 6. f3 Bg7 7. Nc3 O-O 8.
Nxc6 bxc6 9. Bc4 d6 10. O-O Qa5 11. a3 Qc7 12. Qd2 Re8 13. Rab1 a5 14. Na4 Ba6
15. Bxa6 Rxa6 16. c4 c5 17. Nc3 a4 18. Qc2 Qc6 19. Nb5 Rb8 20. Bd2 Nd7 21. b3
Nb6 22. Bc3 axb3 23. Qxb3 Bxc3 24. Nxc3 Rba8 25. Rfc1 Nd7 26. Nb5 Nf8 27. Rc3
Ne6 28. Qd1 Ra4 29. g3 Nd4 30. Nxd4 cxd4 31. Qxd4 e5 32. Qd5 Qxd5 33. exd5 Rxa3
34. Rxa3 Rxa3 35. Rb6 Rc3 36. Rc6 Kf8 1/2-1/2

[Event "Hampshire leagues"]
[Site "?"]
[Date "1971.03.18"]
[Round "?"]
[White "Bye, D."]
[Black "Stebbings, A."]
[Result "0-1"]
[WhiteElo "1704"]
[BlackElo "2040"]
[PlyCount "82"]
[EventDate "1971.??.??"]

1. e4 c5 2. Nf3 Nc6 3. d4 cxd4 4. Nxd4 g6 5. Nc3 Bg7 6. Nxc6 bxc6 7. Bd3 Nf6 8.
O-O O-O 9. Be3 d5 10. exd5 Nxd5 11. Nxd5 cxd5 12. Rb1 Qd6 13. Qd2 e5 14. Bh6
Bxh6 15. Qxh6 e4 16. Be2 d4 17. Rfd1 Bb7 18. Qh3 Qc5 19. Qb3 Rab8 20. Qc4 Qxc4
21. Bxc4 Rfd8 22. Rd2 Rbc8 23. b3 Rd6 24. Rbd1 Rcd8 25. Kf1 Kg7 26. Be2 f5 27.
Ke1 Kf6 28. f3 Ke5 29. fxe4 fxe4 30. Bc4 Rf8 31. Rf2 Rdf6 32. Rxf6 Rxf6 33. Ke2
e3 34. Rf1 Bxg2 35. Rxf6 Kxf6 36. c3 Ke5 37. cxd4+ Kxd4 38. Bg8 h6 39. Bf7 Be4
40. Bc4 Bf5 41. a4 a5 0-1